000 01044nas a2200265 4500
001 BR8100210
003 BR-BrBNA
005 20231205084450.0
007 ta
008 230509b bl.|||p| |||| 00| 00por d
040 _aBR-BrBNA
_bpor
_cBiblioteca Nacional de Agricultura
041 _a(Pt)
072 _aH20
100 1 _aCid, L.P.B.
245 1 _aDeteccao dos fungicidas metil-tiofanato, benomyl e triadimefon em extratos de folhas de seringueira [Hevea brasiliensis; Mal das folhas]
246 1 _aDetection of the fungicides thiophanate menthyl, benomyl and triadimephom in extracts of rubber tree through thin layer chromathograph an bioautography [Hevea brasiliensis; South america; Leaf blight]
650 _aDoenca de planta
650 _aSeringueira
650 _aMal das folhas
650 _aFungicida
650 _aControle quimico
773 0 _tPesquisa Agropecuaria Brasileira (Brazil)
_xISSN 0100-204X
_g(Oct 1980), v. 15(4) p. 441-446
_wBR8100210
909 _a202311
_bLúcia
_c55
_dLúcia Elande
942 _2AGRIS
_n0
_cANA
999 _c105413
_d105413